000 00286nam a22001337a 4500
008 170519b xxu||||| |||| 00| 0 eng d
020 _a9780673990006
041 _aeng
080 _a94
100 _a16
101 _aSHH
245 _aLEGACY OF THE WEST
_cMOCK, D.B
942 _2udc
_cBK
999 _c13529
_d13529